Southville International School and Colleges
Your cart is empty.
  • Cart
  • Lists
    Public lists list_1 View all
    Your lists Log in to create your own lists
  • Log in to your account
  • Your cookies
  • Search history
Southville International School and Colleges
  • Advanced search
  • Recent comments
  • Most popular
  • Libraries

Log in to your account

Log in with GOOGLE


If you do not have an external account, but do have a local account, you can still log in:

  1. Home
  2. MARC view: Communicating in global business negotiations :
Normal view MARC view ISBD view

Communicating in global business negotiations : (Record no. 23427)

[ view plain ]
MARC details
000 -LEADER
fixed length control field 00680nam a2200229 a 4500
005 - DATE AND TIME OF LATEST TRANSACTION
control field 20140310183451.0
008 - FIXED-LENGTH DATA ELEMENTS--GENERAL INFORMATION
fixed length control field 090108s19uu xx 00 eng d
020 ## - INTERNATIONAL STANDARD BOOK NUMBER
International Standard Book Number 9781412916585
050 ## - LIBRARY OF CONGRESS CALL NUMBER
Classification number HD 58.6
Item number .R83 2007
100 ## - MAIN ENTRY--PERSONAL NAME
Personal name Rudd, Jill E.
245 ## - TITLE STATEMENT
Title Communicating in global business negotiations :
Remainder of title a geocentric approach /
Statement of responsibility, etc Jill E. Rudd
260 ## - PUBLICATION, DISTRIBUTION, ETC. (IMPRINT)
Place of publication, distribution, etc Los Angeles :
Name of publisher, distributor, etc Sage Publications,
Date of publication, distribution, etc 2007.
300 ## - PHYSICAL DESCRIPTION
Extent 276 p. :
Dimensions 24 cm.
521 ## - TARGET AUDIENCE NOTE
Target audience note
650 ## - SUBJECT ADDED ENTRY--TOPICAL TERM
Topical term or geographic name as entry element BSBA.
650 ## - SUBJECT ADDED ENTRY--TOPICAL TERM
Topical term or geographic name as entry element Negotiation in business.
650 ## - SUBJECT ADDED ENTRY--TOPICAL TERM
Topical term or geographic name as entry element Business communication.
650 ## - SUBJECT ADDED ENTRY--TOPICAL TERM
Topical term or geographic name as entry element Intercultural communication.
700 ## - ADDED ENTRY--PERSONAL NAME
Personal name Lawson, Diana R.
942 ## - ADDED ENTRY ELEMENTS (KOHA)
Koha item type Books
Source of classification or shelving scheme Library of Congress Classification
Call number prefix Foreign
Holdings
Withdrawn status Lost status Source of classification or shelving scheme Damaged status Home library Current library Shelving location Date acquired Source of acquisition Total Checkouts Full call number Barcode Date last seen Copy number Price effective from Koha item type
    Library of Congress Classification   College Library College Library General Circulation Section 01/08/2009 Donation   HD 58.6 .R83 2007 C10108 05/15/2018 1 10/18/2013 Books

Communicating in global business negotiations :

APA

Rudd J. E., Lawson D. R., . (2007). Communicating in global business negotiations. Los Angeles: Sage Publications.

Chicago

Rudd Jill E, Lawson Diana R, . 2007. Communicating in global business negotiations. Los Angeles: Sage Publications.

Harvard

Rudd J. E., Lawson D. R., . (2007). Communicating in global business negotiations. Los Angeles: Sage Publications.

MLA

Rudd Jill E, Lawson Diana R, . Communicating in global business negotiations. Los Angeles: Sage Publications. 2007.

  • Place hold
  • Print
  • Cite
  • Add to your cart (remove)
  • Save record
    BIBTEX Dublin Core MARCXML MARC (non-Unicode/MARC-8) MARC (Unicode/UTF-8) MARC (Unicode/UTF-8, Standard) MODS (XML) RIS
  • More searches
    Search for this title in:
    Other Libraries (WorldCat) Other Databases (Google Scholar) Online Stores (Bookfinder.com) Open Library (openlibrary.org)

Exporting to Dublin Core...

SOUTHVILLE LIBRARY

Southville International School and Colleges Library

1281 Tropical Ave. Cor. Luxembourg St., BF Homes International, Las Pinas City

Tel. No. 8256374 / 252358 Loc. 117/146

Powered by Koha